00457nam a2200145Ia 4500008004100000020001400041041000800055082001500063100003700078245010600115250000600221260004900227300001100276650002400287210716s2001 xx 000 0 und d a130910856 aeng a575.1 BOYM aBoylan, Michael; Brown, Kevin E. aGenetic engineering: science and ethics on the new frontier.bScience and ethics on the new frontier. a1 aLondonbPrentice Hall of India PVt Ltdc2001 axi,196 aGenetic Engineeirng